<?xml version="1.0" encoding="UTF-8"?><?xml-stylesheet type="text/xsl" href="static/style.xsl"?><OAI-PMH xmlns="http://www.openarchives.org/OAI/2.0/" xmlns:xsi="http://www.w3.org/2001/XMLSchema-instance" xsi:schemaLocation="http://www.openarchives.org/OAI/2.0/ http://www.openarchives.org/OAI/2.0/OAI-PMH.xsd"><responseDate>2026-06-01T15:41:03Z</responseDate><request verb="GetRecord" identifier="oai:riuma.uma.es:10630/12835" metadataPrefix="marc">https://riuma.uma.es/rest/oai/request</request><GetRecord><record><header><identifier>oai:riuma.uma.es:10630/12835</identifier><datestamp>2026-02-03T10:24:06Z</datestamp><setSpec>com_10630_1685</setSpec><setSpec>col_10630_38055</setSpec></header><metadata><record xmlns="http://www.loc.gov/MARC21/slim" xmlns:dcterms="http://purl.org/dc/terms/" xmlns:doc="http://www.lyncode.com/xoai" xmlns:xsi="http://www.w3.org/2001/XMLSchema-instance" xsi:schemaLocation="http://www.loc.gov/MARC21/slim http://www.loc.gov/standards/marcxml/schema/MARC21slim.xsd">
   <leader>00925njm 22002777a 4500</leader>
   <datafield ind2=" " ind1=" " tag="042">
      <subfield code="a">dc</subfield>
   </datafield>
   <datafield ind2=" " ind1=" " tag="720">
      <subfield code="a">Gómez-Cabrera, Samuel</subfield>
      <subfield code="e">author</subfield>
   </datafield>
   <datafield ind2=" " ind1=" " tag="260">
      <subfield code="c">2017-01-30</subfield>
   </datafield>
   <datafield ind2=" " ind1=" " tag="520">
      <subfield code="a">El desarrollo y crecimiento de tecnologías basadas en Cloud Computing o Computación&#xd;
en la Nube nos proporciona un nuevo modelo de entender el desarrollo y computación de&#xd;
aplicaciones y servicios. Este modelo está basado en internet y permite poner al alcance&#xd;
de usuarios y desarrolladores de software un conjunto de recursos que pueden utilizar remotamente&#xd;
sin el esfuerzo derivado de la implantación y mantenimiento de equipos físicos.&#xd;
Así,los distintos proveedores de servicios de computación en la Nube proporcionan alta&#xd;
disponibilidad, &#xd;
exibilidad, y diferentes capas de abstracción con diferentes caracter  sticas&#xd;
y recursos bajo demanda.&#xd;
A pesar de las numerosas ventajas de la Nube, el despliegue de aplicaciones y servicios&#xd;
trae de la mano nuevos desafíos. Cuestiones como la interoperabilidad entre distintas Nubes,&#xd;
o la reconfiguración y gestión dinámica de servicios son algunos de los problemas que&#xd;
es necesario abordar de forma eficiente. En este trabajo, se desarrolla una infraestructura&#xd;
para dar soporte a la gestión y monitorización de servicios distribuidos en diferentes nubes.&#xd;
En concreto, se utilizan mecanismos para la especificación de componentes y sensores para&#xd;
su despliegue a través de diferentes proveedores de Nube. La monitorización de la plataforma&#xd;
subyacente a cada aplicación es realizada a través de estos sensores, encargados de&#xd;
recopilar información sensible de análisis. Los datos recopilados de cada componente permiten&#xd;
a los usuarios tomar decisiones de reconfiguraci ón de sus aplicaciones, y ejecutarlas&#xd;
a través de tecnologías que permiten cambiar el estado del servicio.</subfield>
   </datafield>
   <datafield ind1="8" ind2=" " tag="024">
      <subfield code="a">http://hdl.handle.net/10630/12835</subfield>
   </datafield>
   <datafield tag="653" ind2=" " ind1=" ">
      <subfield code="a">Computación en nube</subfield>
   </datafield>
   <datafield tag="653" ind2=" " ind1=" ">
      <subfield code="a">Informática - Trabajos Fin de Grado</subfield>
   </datafield>
   <datafield tag="653" ind2=" " ind1=" ">
      <subfield code="a">Grado en Ingeniería Informática - Trabajos Fin de Grado</subfield>
   </datafield>
   <datafield ind2="0" ind1="0" tag="245">
      <subfield code="a">Monitorización a nivel de Plataforma de servicios desplegados en la Nube</subfield>
   </datafield>
</record>
</metadata></record></GetRecord></OAI-PMH>